Alle Ausfahrten der Ost-Autobahn (A4) - Statistiken

Allgemein
  • Dieses Quiz wurde 36 mal gespielt
  • Das Durchschnittsergebnis liegt bei 12 aus 15
Antwortstatistiken
km Bz. Ausfahrt % Korrekt
36,9 BL Bruck an der Leitha-Ost
97%
32,6 BL Bruck an der Leitha-West
97%
41,3 ND Parndorf
97%
44,6 ND Neusiedl am See
94%
65,2 ND Nickelsdorf
91%
13,8 BL Flughafen Wien-Schwechat
88%
8,5 BL Schwechat
84%
52,2 ND Gols / Weiden
81%
39,5 ND Bruckneudorf
78%
20,1 BL Fischamend
78%
4,5 W Simmeringer Haide
78%
57,3 ND Mönchhof
72%
0,9 W Prater
69%
2,1 W Alt-Simmering / Gasometer-City
56%
45,6 ND Neusiedl am See - Gewerbepark
50%
Keine übereinstimmenden Quizze gefunden
Verteilung der Resultate
Anzahl Personen mit jedem Resultat
Perzentil nach korrekt beantworteten Fragen
Ihre Resultats-Entwicklung
Sie haben dieses Quiz noch nicht gespielt